000 00573nam a2200205 i 4500
001 bg
245 7 0 _aLaboratorium obróbki skrawaniem :
_bpraca zbiorowa /
_cpod red. Bogdana W. Kruszyńskiego.
260 _aŁódź :
_bWydaw. PŁ,
_c1994.
300 _a88 s. :
_brys., wykr. ;
_c24 cm.
650 9 _aSkrawanie
655 _aPodręczniki akademickie
655 _aĆwiczenia i zadania
020 _a8386453176
040 _cBPK
041 0 _apl
080 _a621.9(075.8)(076)
920 _a83-86453-17-6
942 _cKS
008 s pl f |000 0 pol
999 _c6724
_d6724
856 _uhttp://koha.tu.koszalin.pl/cgi-bin/koha/opac-detail.pl?biblionumber=6724
_yKatalog online BPK